| 000 | 00340nam a22001457a 4500 | ||
|---|---|---|---|
| 003 | OSt | ||
| 005 | 20220223104244.0 | ||
| 008 | 220223b |||||||| |||| 00| 0 eng d | ||
| 020 | _a1397812590012106 | ||
| 040 | _cHU | ||
| 082 |
_25th _a692.5 |
||
| 100 |
_aPeurifoy _931258 |
||
| 245 | _aEstimating Consttuction Costs | ||
| 942 |
_2ddc _cBOOKS _n0 |
||
| 999 |
_c31328 _d31328 |
||